[Event "Wolfsburg op-B"]
[Site "Wolfsburg"]
[Date "2024.11.16"]
[Round "2"]
[White "Petersen, Malte"]
[Black "Wiktorczyk, Michel"]
[Result "1-0"]
[WhiteElo "1702"]
[BlackElo "1884"]
[PlyCount "75"]
[EventDate "2024.11.15"]
[EventType "swiss"]
[EventRounds "5"]
[EventCountry "GER"]
[SourceTitle "CB49_2024"]
[SourceDate "2024.12.04"]
[SourceVersion "1"]
[SourceVersionDate "2024.12.04"]
[SourceQuality "1"]

1. e4 e5 2. Nf3 Nc6 3. Bc4 Nf6 4. Ng5 d5 5. exd5 Na5 6. Bb5+ c6 7. dxc6 bxc6 8. Bd3 Nd5 9. h4 h6 10. Qh5 hxg5 11. Qxh8 Nf4 12. Bf1 Qd5 13. Nc3 Nxg2+ 14. Bxg2 Qxg2 15. hxg5 Bf5 16. d3 0-0-0 17. Qh2 Qf3 18. Be3 Bb4 19. Rg1 Bg4 20. Rxg4 Qxg4 21. a3 Bxc3+ 22. bxc3 e4 23. Rb1 exd3 24. Rb8+ Kd7 25. Rxd8+ Kxd8 26. Qd6+ Qd7 27. Qxd7+ Kxd7 28. cxd3 a6 29. f4 Ke6 30. Bd4 Kf5 31. Be5 Nb7 32. Ke2 Nc5 33. Ke3 g6 34. c4 Nd7 35. Bc7 c5 36. d4 cxd4+ 37. Kxd4 Ke6 38. Be5 1-0

[Event "Marburg op-A"]
[Site "Marburg"]
[Date "2023.10.27"]
[Round "2"]
[White "Lorch, Alexander"]
[Black "Wiktorczyk, Michel"]
[Result "0-1"]
[WhiteElo "1619"]
[BlackElo "1837"]
[PlyCount "60"]
[EventDate "2023.10.26"]
[EventType "swiss"]
[EventRounds "7"]
[EventCountry "GER"]
[SourceTitle "CBM 217 Extra"]
[Source "ChessBase"]
[SourceDate "2024.01.31"]
[SourceVersion "1"]
[SourceVersionDate "2024.01.31"]
[SourceQuality "1"]

1. d4 Nf6 2. Nf3 e6 3. e3 d5 4. Bd3 c6 5. 0-0 Bd6 6. b3 0-0 7. Bb2 Ne4 8. Nbd2 Nxd2 9. Qxd2 Nd7 10. Ne5 Nxe5 11. dxe5 Bc5 12. Bd4 Bb6 13. Bxb6 Qxb6 14. Rae1 Rd8 15. Qe2 Bd7 16. f4 Be8 17. Qh5 f5 18. Qg5 Rac8 19. g4 fxg4 20. Qxg4 c5 21. f5 exf5 22. Bxf5 Rc6 23. Rf3 Bd7 24. Ref1 Rg6 25. Qxg6 hxg6 26. Bxd7 Rxd7 27. Rf8+ Kh7 28. R1f3 g5 29. Rh3+ Kg6 30. Rg3 Re7 0-1